|
|
|
|
| LEADER |
00000csc a2200000 a 4500 |
| 001 |
84045 |
| 005 |
20230308213329.0 |
| 008 |
000000|1974 ||||||||r|||||||||||spa|| |
| 020 |
|
|
|a 84 206 1514 5
|
| 040 |
|
|
|b spa
|
| 041 |
1 |
|
|a spa
|
| 082 |
0 |
|
|a 938
|
| 110 |
1 |
|
|a Alianza editorial
|9 294688
|
| 245 |
|
|
|a La Atenas de Pericles
|c C.B. Bowra, trad. Alicia Yllera
|h imp
|
| 264 |
|
|
|a Madrid
|b Alianza editorial
|c 1974
|
| 300 |
|
|
|a 253 páginas:
|c 18 cm
|
| 490 |
|
|
|a El Libro de Bolsillo
|
| 500 |
|
|
|a Trad. Alicia Yllera
|
| 504 |
|
|
|a incl. ref.
|
| 650 |
1 |
|
|a Pericles
|9 10997
|
| 650 |
1 |
|
|a Atenas de pericles
|9 294689
|
| 650 |
1 |
|
|a Historia de grecia
|9 7488
|
| 700 |
1 |
|
|a Bowra, C.M.
|9 294690
|
| 773 |
|
|
|g 253 páginas:
|
| 852 |
|
|
|a UC-CDJBV
|c TERCER PISO
|f Donación
|k sergio.cajamarca
|l 1
|m General
|p 00000000
|r 2
|t 84045
|b 0
|d CDRC
|e CDRC
|g 938 TERCER PISO
|z 0000-00-00
|
| 942 |
|
|
|
| 999 |
|
|
|c 125181
|d 125181
|